|
|
|
|
| LEADER |
00000nab a2200000 4500 |
| 001 |
vtls012148491 |
| 003 |
SK-MaSNL |
| 005 |
20260318122043.0 |
| 008 |
220912|2022 xo |||| || ||00 0|hun |
| 015 |
|
|
|a SNBRB2022/09
|
| 040 |
|
|
|a DSZK
|b slo
|d DSZK
|e rda
|
| 041 |
|
|
|a hun
|
| 043 |
|
|
|a e-xo---
|
| 044 |
|
|
|a xo
|c SK
|
| 072 |
|
7 |
|a 17
|x Etika. Morálna filozofia
|2 konspekt
|
| 080 |
|
|
|a 172.15
|2 2011
|
| 100 |
1 |
|
|a Popély, Gyula,
|d 1945-
|4 aut
|9 85478
|
| 245 |
1 |
0 |
|a Felvidéki búcsú Horthy Istvántól
|c Popély Gyula; foto: Fortepan
|
| 300 |
|
|
|b Fotografie
|
| 336 |
|
|
|a text
|b txt
|2 rdacontent
|
| 337 |
|
|
|a bez média
|b n
|2 rdamedia
|
| 338 |
|
|
|a zväzok
|b nc
|2 rdacarrier
|
| 600 |
1 |
7 |
|a Horthy, István
|c ml.
|d 1904-1942
|2 dszk
|9 876865
|
| 600 |
1 |
7 |
|a Esterházy, János,
|d 1901-1957
|2 SNKMA
|9 125804
|
| 630 |
0 |
7 |
|a Magyar Néplap (týždenník)
|2 dszk
|9 1328694
|
| 630 |
0 |
7 |
|a Felvidéki Újság (noviny)
|2 dszk
|9 1105775
|
| 650 |
0 |
7 |
|a vlastenectvo
|2 SNKPH
|9 16817
|
| 650 |
0 |
7 |
|a vojenskí letci
|2 SNKPH
|9 75808
|
| 650 |
0 |
7 |
|a spomienkové podujatia
|2 SNKPH
|9 120764
|
| 650 |
0 |
7 |
|a politici
|2 SNKPH
|9 2679
|
| 651 |
|
7 |
|a Košice (Slovensko)
|2 SNKPHgeo
|9 18694
|
| 651 |
|
7 |
|a Bratislava (Slovensko)
|2 SNKPHgeo
|9 14568
|
| 651 |
|
7 |
|a Budapešť (Maďarsko)
|2 SNKPHgeo
|9 17734
|
| 773 |
0 |
|
|t Magyar7
|g Évf. V, sz. 36 (2022), o. 30-31
|x 2585-9129
|
| 958 |
|
|
|a SK
|
| 958 |
|
|
|a HU
|
| 999 |
|
|
|c 2995280
|d 2997210
|